[Event "GER-chT U16 Girls"]
[Site "Magdeburg"]
[Date "2023.12.30"]
[Round "7.10"]
[White "Abram, Kristina Maria"]
[Black "Bakу, Isabella"]
[Result "0-1"]
[WhiteElo "1192"]
[BlackElo "1399"]
[PlyCount "83"]
[EventDate "2023.12.26"]
[EventType "team-swiss"]
[EventRounds "7"]
[EventCountry "GER"]
[SourceTitle "CB03_2024"]
[SourceDate "2024.01.17"]
[SourceVersion "1"]
[SourceVersionDate "2024.01.17"]
[SourceQuality "1"]
[WhiteTeam "Hamburger SK II"]
[BlackTeam "Stuttgart Wolfbusch"]
[WhiteTeamCountry "GER"]
[BlackTeamCountry "GER"]

1. e4 c5 2. Bc4 Nc6 3. Nf3 d6 4. 0-0 g6 5. d3 Bg7 6. c3 Qb6 7. Qe2 e6 8. Bf4 Qc7 9. Nbd2 Nge7 10. Bb3 0-0 11. Nc4 Rd8 12. Rad1 b5 13. Ne3 a5 14. a3 Qb6 15. Ng4 b4 16. axb4 axb4 17. Bc2 bxc3 18. bxc3 Bxc3 19. Nh6+ Kg7 20. Nh4 Nd4 21. Qg4 Nxc2 22. Bc1 Bf6 23. Qf4 g5 24. Qg3 Nd4 25. Rde1 Ng6 26. Bxg5 Bxg5 27. Qxg5 Qc7 28. Ng4 Qe7 29. Qh6+ Kg8 30. Nf3 Nxf3+ 31. gxf3 Qh4 32. Qxh4 Nxh4 33. Re3 Kg7 34. Kh1 Rg8 35. f4 Kf8 36. Rg1 h5 37. Rh3 hxg4 38. Rxh4 Ra2 39. Rgxg4 Rxg4 40. Rxg4 Rxf2 41. Rh4 Ba6 42. Rh3 0-1

[Event "GER-ch U14 Girls"]
[Site "Willingen"]
[Date "2023.06.02"]
[Round "8"]
[White "Hergenroeder, Cora"]
[Black "Abram, Kristina Maria"]
[Result "1-0"]
[WhiteElo "1466"]
[BlackElo "1228"]
[PlyCount "87"]
[EventDate "2023.05.27"]
[EventType "swiss"]
[EventRounds "9"]
[EventCountry "GER"]
[SourceTitle "CBM 214 Extra"]
[Source "ChessBase"]
[SourceDate "2023.07.31"]
[SourceVersion "1"]
[SourceVersionDate "2023.07.31"]
[SourceQuality "1"]

1. d4 d5 2. c4 dxc4 3. Nf3 e6 4. e3 Nf6 5. Bxc4 Bb4+ 6. Bd2 Qd6 7. 0-0 0-0 8. a3 Bxd2 9. Nbxd2 Nc6 10. Qc2 Ne7 11. Bd3 Ng6 12. Rac1 c6 13. Nc4 Qc7 14. Nce5 Bd7 15. b4 a6 16. Qb3 Nxe5 17. Nxe5 Nd5 18. Bb1 f6 19. Nf3 Qd6 20. Qc2 g6 21. Qc5 Qc7 22. Bd3 b6 23. Qc2 Be8 24. Nd2 e5 25. Bc4 Bf7 26. e4 Nf4 27. Bxf7+ Rxf7 28. Nf3 Rc8 29. dxe5 fxe5 30. Rfd1 c5 31. bxc5 Qxc5 32. Qxc5 Rxc5 33. Rxc5 bxc5 34. h4 Ne2+ 35. Kf1 Nc3 36. Rd8+ Rf8 37. Rxf8+ Kxf8 38. Nxe5 Nxe4 39. f3 Nd2+ 40. Ke2 Nb3 41. Kd3 Ke7 42. Kc4 Ke6 43. Nd3 Nd4 44. Nxc5+ 1-0

[Event "GER-ch U14 Girls"]
[Site "Willingen"]
[Date "2023.06.01"]
[Round "7"]
[White "Ignatova, Gabriela"]
[Black "Abram, Kristina Maria"]
[Result "1/2-1/2"]
[WhiteElo "1146"]
[BlackElo "1228"]
[PlyCount "40"]
[EventDate "2023.05.27"]
[EventType "swiss"]
[EventRounds "9"]
[EventCountry "GER"]
[SourceTitle "CBM 214 Extra"]
[Source "ChessBase"]
[SourceDate "2023.07.31"]
[SourceVersion "1"]
[SourceVersionDate "2023.07.31"]
[SourceQuality "1"]

1. d4 d5 2. Nc3 Nf6 3. Bf4 a6 4. e3 Bf5 5. f3 e6 6. g4 Bg6 7. h4 h5 8. g5 Nfd7 9. a3 f6 10. Bd3 Bxd3 11. Qxd3 f5 12. e4 dxe4 13. fxe4 g6 14. Nf3 Bd6 15. Bxd6 cxd6 16. exf5 gxf5 17. 0-0-0 Nc6 18. d5 Nce5 19. Nxe5 Nxe5 20. Qd4 Rf8 1/2-1/2

[Event "GER-chT U12 Girls"]
[Site "Berlin"]
[Date "2022.12.27"]
[Round "1"]
[White "Mehner, Clara"]
[Black "Abram, Kristina Maria"]
[Result "0-1"]
[WhiteElo "1200"]
[BlackElo "1166"]
[PlyCount "105"]
[EventDate "2022.12.26"]
[EventType "team-swiss"]
[EventRounds "7"]
[EventCountry "GER"]
[SourceTitle "CBM 212 Extra"]
[Source "ChessBase"]
[SourceDate "2023.03.31"]
[SourceVersion "1"]
[SourceVersionDate "2023.03.31"]
[SourceQuality "1"]
[WhiteTeam "Chemnitz USG"]
[BlackTeam "Hamburger SK"]
[WhiteTeamCountry "GER"]
[BlackTeamCountry "GER"]

1. e4 b6 2. d4 Bb7 3. Nc3 Nf6 4. Bd3 e6 5. a3 c5 6. Nf3 d5 7. e5 Nfd7 8. Be3 c4 9. Be2 f6 10. Bf4 Nc6 11. 0-0 g5 12. Bg3 f5 13. h3 f4 14. Bh2 Rg8 15. b3 cxb3 16. cxb3 h5 17. Qd3 g4 18. hxg4 hxg4 19. Nd2 Qg5 20. Nb5 0-0-0 21. Rac1 g3 22. fxg3 fxg3 23. Bxg3 Qxg3 24. Qxg3 Rxg3 25. Nxa7+ Kc7 26. Bb5 Bh6 27. Nxc6 Bxd2 28. Nxd8+ Kxd8 29. Rc2 Be3+ 30. Kh2 Rg7 31. Rd1 Rg4 32. Rf1 Bxd4 33. Rf7 Bc8 34. Rh7 Bxe5+ 35. Kh1 Rg3 36. Ba4 Rc3 37. Rxc3 Bxc3 38. g4 d4 39. Bb5 Bb7+ 40. Kh2 Bc8 41. g5 Ne5 42. Rh5 Kc7 43. Rh7+ Kb8 44. Rg7 d3 45. g6 Ng4+ 46. Kg3 Bxg7 47. Kxg4 d2 48. Be2 Ba6 49. Bf3 Bd3 50. b4 Bc2 51. Kg5 d1Q 52. Bxd1 Bxd1 53. b5 0-1

[Event "GER-ch U12 Girls"]
[Site "Willingen"]
[Date "2022.06.07"]
[Round "4"]
[White "Milman, Sophie"]
[Black "Abram, Kristina Maria"]
[Result "1/2-1/2"]
[WhiteElo "1202"]
[BlackElo "1044"]
[PlyCount "43"]
[EventDate "2022.06.04"]
[EventType "swiss"]
[EventRounds "9"]
[EventCountry "GER"]
[SourceTitle "CBM 208 Extra"]
[Source "ChessBase"]
[SourceDate "2022.07.31"]
[SourceVersion "1"]
[SourceVersionDate "2022.07.31"]
[SourceQuality "1"]

1. e4 d5 2. exd5 Qxd5 3. Nc3 Qa5 4. d4 Nf6 5. Nf3 Bf5 6. Bc4 e6 7. a3 c6 8. Bf4 Ne4 9. Bd2 Nxc3 10. Bxc3 Qc7 11. 0-0 Nd7 12. Re1 0-0-0 13. a4 a5 14. Qd2 b6 15. Rec1 Bd6 16. g3 h5 17. b4 h4 18. bxa5 hxg3 19. fxg3 Be4 20. axb6 Nxb6 21. Be2 Bxg3 22. Ba5 1/2-1/2

[Event "GER-ch U12 Girls"]
[Site "Willingen"]
[Date "2021.08.26"]
[Round "5"]
[White "Abram, Kristina Maria"]
[Black "Terekhin, Maria"]
[Result "0-1"]
[WhiteElo "1009"]
[BlackElo "1030"]
[PlyCount "84"]
[EventDate "2021.08.22"]
[EventType "swiss"]
[EventRounds "9"]
[EventCountry "GER"]
[SourceTitle "EXT 2022"]
[Source "ChessBase"]
[SourceDate "2021.10.06"]
[SourceVersion "1"]
[SourceVersionDate "2021.10.06"]
[SourceQuality "1"]

1. e4 e5 2. Bc4 Nf6 3. d3 Nc6 4. Nf3 d5 5. exd5 Nxd5 6. Nc3 Bb4 7. Bd2 Bxc3 8. bxc3 0-0 9. 0-0 Bg4 10. h3 Bh5 11. Bg5 Qd6 12. Bxd5 Qxd5 13. g4 Bg6 14. d4 e4 15. Ne5 Nxe5 16. dxe5 Qxe5 17. f4 Qc5+ 18. Qd4 Qxd4+ 19. cxd4 h6 20. Be7 Rfe8 21. Ba3 f5 22. Rfe1 Rad8 23. Rab1 b6 24. Rbd1 e3 25. Rd3 fxg4 26. Rdxe3 Rxe3 27. Rxe3 gxh3 28. Rxh3 Rxd4 29. Rc3 c5 30. Bb2 Rxf4 31. Re3 Rg4+ 32. Kf2 Bxc2 33. Re8+ Kf7 34. Ra8 Ra4 35. a3 g5 36. Rh8 Kg6 37. Rg8+ Kh5 38. Kg3 Rg4+ 39. Kf3 Bd1+ 40. Ke3 Rg3+ 41. Ke4 Kg4 42. Ra8 Bf3+ 0-1

[Event "GER-ch U12 Girls"]
[Site "Willingen"]
[Date "2021.08.24"]
[Round "3"]
[White "Hoffmann, Svenja"]
[Black "Abram, Kristina Maria"]
[Result "1-0"]
[WhiteElo "1307"]
[BlackElo "1009"]
[PlyCount "75"]
[EventDate "2021.08.22"]
[EventType "swiss"]
[EventRounds "9"]
[EventCountry "GER"]
[SourceTitle "EXT 2022"]
[Source "ChessBase"]
[SourceDate "2021.10.06"]
[SourceVersion "1"]
[SourceVersionDate "2021.10.06"]
[SourceQuality "1"]

1. e4 e5 2. Nf3 Nc6 3. Bc4 Be7 4. c3 Nf6 5. d3 0-0 6. 0-0 d5 7. exd5 Nxd5 8. d4 exd4 9. cxd4 Re8 10. Re1 Nf6 11. Nc3 Bg4 12. Be2 Bd6 13. Be3 Qd7 14. Ng5 h6 15. Bxg4 Nxg4 16. Nf3 Re7 17. h3 Nf6 18. Qd2 Rae8 19. Re2 Bb4 20. Rae1 Ne4 21. Qc1 Re6 22. d5 Rg6 23. Kh2 Qd6+ 24. Bf4 Ne5 25. Nxe5 Rxe5 26. Rxe4 Qf6 27. Rxe5 Bd6 28. Ne4 Qh4 29. Bg3 Bxe5 30. Bxe5 f5 31. Bg3 Qh5 32. Nd2 Qg5 33. Nf3 Qf6 34. Re6 Qf7 35. Ne5 Qf8 36. Rxg6 Qe8 37. Qxc7 Qb5 38. Qxg7# 1-0

[Event "GER-ch U12 Girls"]
[Site "Willingen"]
[Date "2021.08.23"]
[Round "1"]
[White "Burlutskaia, Maria"]
[Black "Abram, Kristina Maria"]
[Result "1-0"]
[WhiteElo "1337"]
[BlackElo "1009"]
[PlyCount "91"]
[EventDate "2021.08.22"]
[EventType "swiss"]
[EventRounds "9"]
[EventCountry "GER"]
[SourceTitle "EXT 2022"]
[Source "ChessBase"]
[SourceDate "2021.10.06"]
[SourceVersion "1"]
[SourceVersionDate "2021.10.06"]
[SourceQuality "1"]

1. e4 e5 2. Nf3 Nc6 3. d4 exd4 4. Bc4 Bc5 5. c3 Nf6 6. e5 Qe7 7. 0-0 Ng4 8. h3 Ngxe5 9. Nxe5 Nxe5 10. cxd4 0-0 11. dxe5 d6 12. exd6 Bxd6 13. Re1 Qf6 14. Nc3 Rd8 15. Qe2 Qg6 16. Bd3 Bf5 17. Bxf5 Qxf5 18. Qe4 Re8 19. Qxe8+ Rxe8 20. Rxe8+ Bf8 21. b3 Qd7 22. Rxf8+ Kxf8 23. Ba3+ Kg8 24. Rd1 Qe8 25. Nd5 h6 26. Be7 c6 27. Nf6+ gxf6 28. Rd8 Qxd8 29. Bxd8 Kg7 30. g4 b5 31. Kg2 c5 32. Kf3 Kg6 33. Ke4 h5 34. f4 hxg4 35. hxg4 a6 36. Kd5 f5 37. gxf5+ Kxf5 38. Bg5 f6 39. Bxf6 Kxf6 40. Kxc5 Kf5 41. Kb6 Kxf4 42. Kxa6 Ke4 43. Kxb5 Kd5 44. a4 Kd6 45. Kb6 Kd7 46. Kb7 1-0

[Event "GER-chT U14 Girls"]
[Site "Willingen"]
[Date "2021.06.25"]
[Round "4.7"]
[White "Abram, Kristina Maria"]
[Black "Luzgina, Anastasiia"]
[Result "0-1"]
[WhiteElo "1076"]
[BlackElo "1096"]
[PlyCount "76"]
[EventDate "2021.06.23"]
[EventType "team-swiss"]
[EventRounds "7"]
[EventCountry "GER"]
[SourceTitle "EXT 2022"]
[Source "ChessBase"]
[SourceDate "2021.10.06"]
[SourceVersion "1"]
[SourceVersionDate "2021.10.06"]
[SourceQuality "1"]
[WhiteTeam "Hamburger SK"]
[BlackTeam "Hohentuebingen"]
[WhiteTeamCountry "GER"]
[BlackTeamCountry "GER"]

1. e4 c6 2. d4 d5 3. exd5 cxd5 4. Nc3 Nf6 5. Nf3 Nc6 6. Bb5 Bg4 7. h3 Bxf3 8. Qxf3 e6 9. Bg5 Be7 10. 0-0-0 0-0 11. g4 Ne8 12. Bxe7 Qxe7 13. h4 Qf6 14. Qxf6 Nxf6 15. g5 Nh5 16. Ne2 Rac8 17. Ng3 Nxg3 18. fxg3 a6 19. Bd3 Nxd4 20. Bxh7+ Kxh7 21. Rxd4 f6 22. Rb4 b5 23. g4 fxg5 24. hxg5+ Kg6 25. Rh5 Rf1+ 26. Kd2 Rf2+ 27. Kc1 Rfxc2+ 28. Kd1 R2c4 29. a3 Rxb4 30. axb4 Rc4 31. Rh8 Kxg5 32. Ra8 Rxb4 33. Rxa6 Kf6 34. Kc2 Rxg4 35. Ra5 b4 36. b3 Rg2+ 37. Kd3 Rg3+ 38. Kd4 Rxb3 0-1

[Event "GER-ch U10 Girls"]
[Site "Willingen"]
[Date "2020.10.29"]
[Round "4"]
[White "Abram, Kristina Maria"]
[Black "Becker, Hanna Charlotte"]
[Result "0-1"]
[WhiteElo "1038"]
[BlackElo "853"]
[PlyCount "68"]
[EventDate "2020.10.26"]
[EventType "swiss"]
[EventRounds "7"]
[EventCountry "GER"]
[SourceTitle "CBM 199 Extra"]
[Source "ChessBase"]
[SourceDate "2021.01.31"]
[SourceVersion "1"]
[SourceVersionDate "2021.01.31"]
[SourceQuality "1"]

1. e4 e5 2. Bc4 Nf6 3. d3 c6 4. Nf3 d5 5. exd5 cxd5 6. Bb5+ Bd7 7. Bxd7+ Nbxd7 8. Qe2 Bd6 9. Bf4 Qe7 10. Bg5 h6 11. Bh4 0-0 12. 0-0 Qe6 13. Re1 Rfe8 14. Nc3 Rac8 15. Bg3 e4 16. Bxd6 exf3 17. Qxe6 fxe6 18. gxf3 e5 19. Re2 Re6 20. Bb4 b6 21. Rae1 d4 22. Ne4 a5 23. Ba3 b5 24. b4 a4 25. Bb2 Rec6 26. Rc1 Ra8 27. a3 Nh5 28. c3 dxc3 29. Nxc3 Nf4 30. Rd2 Nf6 31. Nxb5 Rac8 32. Rxc6 Rxc6 33. Bxe5 Rc1+ 34. Rd1 Rxd1# 0-1

[Event "GER-ch U10 Girls"]
[Site "Willingen"]
[Date "2020.10.27"]
[Round "1"]
[White "Czaeczine, Paula"]
[Black "Abram, Kristina Maria"]
[Result "1-0"]
[WhiteElo "1127"]
[BlackElo "1038"]
[PlyCount "71"]
[EventDate "2020.10.26"]
[EventType "swiss"]
[EventRounds "7"]
[EventCountry "GER"]
[SourceTitle "CBM 199 Extra"]
[Source "ChessBase"]
[SourceDate "2021.01.31"]
[SourceVersion "1"]
[SourceVersionDate "2021.01.31"]
[SourceQuality "1"]

1. e4 e5 2. Nf3 Nc6 3. d4 exd4 4. Nxd4 Bc5 5. Be3 Qf6 6. c3 Nge7 7. Bc4 Qg6 8. 0-0 0-0 9. Nd2 d6 10. Re1 Be6 11. Qf3 Ne5 12. Qe2 Nxc4 13. Nxe6 fxe6 14. Bxc5 Nxd2 15. Bb4 Nf3+ 16. Kh1 Nxe1 17. Rxe1 Qf6 18. f3 Qh4 19. e5 c5 20. exd6 cxb4 21. dxe7 Qxe7 22. cxb4 Rae8 23. Qc4 Rd8 24. h3 Rf6 25. f4 Rd2 26. f5 Kf8 27. fxe6 Rxb2 28. Qc8+ Qe8 29. e7+ Kf7 30. Qc4+ Kg6 31. Qg4+ Kf7 32. Qh5+ Rg6 33. Qd5+ Kf6 34. Qf3+ Kg5 35. Qg4+ Kf6 36. Qf4# 1-0

[Event "GER-chT U14 Girls"]
[Site "Neumuenster"]
[Date "2019.12.28"]
[Round "3.6"]
[White "Muhina, Alina"]
[Black "Abram, Kristina Maria"]
[Result "1-0"]
[WhiteElo "1228"]
[BlackElo "868"]
[PlyCount "55"]
[EventDate "2019.12.27"]
[EventType "team-swiss"]
[EventRounds "7"]
[EventCountry "GER"]
[SourceTitle "CBM 194 Extra"]
[Source "ChessBase"]
[SourceDate "2020.03.31"]
[SourceVersion "1"]
[SourceVersionDate "2020.03.31"]
[SourceQuality "1"]
[WhiteTeam "Garching"]
[BlackTeam "Hamburger SK"]
[WhiteTeamCountry "GER"]
[BlackTeamCountry "GER"]

1. e4 e5 2. Nf3 Nf6 3. Nc3 Nc6 4. d4 exd4 5. Nxd4 d5 6. Nxc6 bxc6 7. exd5 cxd5 8. Bb5+ Bd7 9. Bxd7+ Qxd7 10. 0-0 Bb4 11. Re1+ Be7 12. Bg5 0-0 13. Bxf6 Bxf6 14. Nxd5 Bxb2 15. Rb1 Qb5 16. Nxc7 Qa5 17. Nxa8 Rxa8 18. Rxb2 Rd8 19. Qb1 h6 20. Rb8 Rxb8 21. Qxb8+ Kh7 22. Qb1 g6 23. Re7 Kg8 24. Qb3 Qf5 25. Re8+ Kh7 26. Qc3 f6 27. Qc7+ Qd7 28. Qxd7# 1-0

[Event "GER-chT U14 Girls"]
[Site "Neumuenster"]
[Date "2019.12.27"]
[Round "2.6"]
[White "Abram, Kristina Maria"]
[Black "Rosin, Ida"]
[Result "1/2-1/2"]
[WhiteElo "868"]
[BlackElo "1389"]
[PlyCount "84"]
[EventDate "2019.12.27"]
[EventType "team-swiss"]
[EventRounds "7"]
[EventCountry "GER"]
[SourceTitle "CBM 194 Extra"]
[Source "ChessBase"]
[SourceDate "2020.03.31"]
[SourceVersion "1"]
[SourceVersionDate "2020.03.31"]
[SourceQuality "1"]
[WhiteTeam "Hamburger SK"]
[BlackTeam "Luebeck"]
[WhiteTeamCountry "GER"]
[BlackTeamCountry "GER"]

1. e4 e5 2. Bc4 Nf6 3. d3 h6 4. Nf3 Nc6 5. Nc3 Bc5 6. 0-0 0-0 7. Be3 Bb6 8. d4 d6 9. d5 Ne7 10. Ne2 Bg4 11. Ng3 c5 12. h3 Bh5 13. Qd3 Bxf3 14. gxf3 Qd7 15. Kg2 Ng6 16. Rh1 Nh4+ 17. Kf1 Nxf3 18. Bb5 Qc8 19. Nf5 Qc7 20. Qe2 Nxe4 21. Qxf3 Ng5 22. Bxg5 hxg5 23. h4 f6 24. Qh3 a6 25. Bc4 Kf7 26. hxg5 fxg5 27. Qh5+ Kf6 28. Qg4 Qd7 29. Rh5 Qxf5 30. Qxf5+ Kxf5 31. Ke2 Kg4 32. Rah1 g6 33. Rh7 Rab8 34. Rg1+ Kf5 35. Bd3+ Kf6 36. c4 Ba5 37. b3 b5 38. Ra7 Rb6 39. cxb5 Bc3 40. bxa6 Bd4 41. Rb7 Rxb7 42. axb7 Rb8 1/2-1/2